000 00578nam a22001697a 4500
003 OSt
005 20171010095458.0
008 120716t xxu||||| |||| 00| 0 eng d
040 _aMMSU
_cULS
100 _aBatara, Don Carlo R.
_911181
245 _aAnalysis of water in Bislak River and irrigation system of Vintar, Ilocos Norte
_cDon Carlo R. Batara
260 _c2008
300 _axvi, 72 leaves
_c28 cm.
500 _aThesis (BS Biology) -- Mariano Marcos State University-College of Arts & Sciences, Batac City
504 _aBibliography: leaf 36
942 _2ddc
_cTHEDIS
999 _c9637
_d9637